Missing Word: Famous Acting Families II Quiz Stats

 Plays Quiz Updated Mar 18, 2017

Support Sporcle.
Go Orange.
Score 0/40 Timer 06:00
1 Play Today
% Correct
Will
97.1%
Hot
96.1%
List
95.8%
Fish
92.9%
Basic
90.9%
Places
89.2%
Attraction
89.1%
English
88.3%
Softly
84.6%
Amy
77.4%
Final
75%
Lies
74.6%
Baby
70.1%
Fears
69.2%
Roses
66.9%
Shakespeare
63.3%
Gunfight
60%
Menagerie
59.4%
Enemy
54.8%
Scissors
53.1%
% Correct
Coward
52.8%
Aces
50.2%
Heist
43.1%
Mirror
39.3%
Japan
33.5%
Bruges
32.7%
Lonely
30%
Quiz
27.7%
Chihuahua
26.6%
Tailor
26.2%
Defiant
16.3%
Candelabra
14.3%
Bad
12.2%
Boiler
11.9%
Killer
11.1%
California
4.6%
Cemetery
3.2%
Kiss
3.1%
Groom
3%
Rancid
2.5%

Today's Daily Dose

You're not logged in!

Compare scores with friends on all Sporcle quizzes.
OR
Log In
Forgot?

From the Vault

The Village Curse: A Quest in Verse

by survivor

Can you save the village from endless nighttime, all while enjoying a jaunty rhyme?
Remove Ads.
Support Sporcle.
Get the best of Sporcle when you Go Orange. This ad-free experience offers more features, more stats, and more fun while also helping to support Sporcle. Thank you for becoming a member.

Show Comments

Extras

Top Quizzes Today


Score Distribution

Your Account Isn't Verified!

In order to create a playlist on Sporcle, you need to verify the email address you used during registration. Go to your Sporcle Settings to finish the process.

Report this User

Report this user for behavior that violates our Community Guidelines.

Details: